000 00820nas a2200241 4500
001 BR7503894
003 BR-BrBNA
005 20231205082843.0
007 ta
008 230509b bl.|||p| |||| 00| 00por d
040 _aBR-BrBNA
_bpor
_cBiblioteca Nacional de Agricultura
041 _a(Pt)
072 _aE40
110 1 _aSuperintendencia do Desenvolvimento do Nordeste, Recife, PE (Brasil)
245 1 _aRelatorio conclusivo de encontro de avaliacao dos convenios SUDENE/ANCAR de assistencia tecnica as cooperativas no estado da Paraiba
650 _aCOOPERATIVA
650 _aCONVENIO
650 _aASSISTENCIA TECNICA
650 _aPARAIBA
773 0 _tCooperativismo e Nordeste (Brazil)
_x
_g(Jan-Apr 1973), v. 8(1) p. 17-31
_wBR7503894
909 _a202311
_bLúcia
_c55
_dLúcia Elande
942 _2AGRIS
_n0
_cANA
999 _c94639
_d94639